000 00816nam a22002657a 4500
001 0014738
003 KOHA_MİRAKIL
005 20260207002006.0
007 ta
008 100308b1970 tu |||gr||||#||||1|tur |
040 _aTR-BiSEU
_btur
_cTR-BiSEU
_erda
041 0 _atur
044 _ctu
050 _aPR5774
_b.Z36 1970
100 1 _aWells, H. G.
245 1 _aZaman makinesi :
_bUzak geleceğe yapılan tüyler ürpertici bir gezinin öyküsü/
_cH. G Wells ; H. G. Wells; çeviren Bilgin Turnalı.
264 1 _aİstanbul :
_bHabora Kitabevi
_c1970
300 _a181 sayfa; 17 cm.
336 _ametin
_btxt
_2rdacontent
337 _aaracısız
_bn
_2rdamedia
338 _acilt
_bnc
_2rdacarrier
490 1 _aHabora Kitabevi ;
_v87.
830 1 _aHabora Kitabevi ;
_v87.
_934355
942 _2lcc
_cBK
999 _c14701
_d14701